[Le français dans le commerce - optique marketing]
Recenzia na učebnicu, ktorá je určená pre študentov vzdelávajúcich sa vo francúzskom jazyku.
Salvato in:
| Autore principale: | |
|---|---|
| Natura: | Capitolo di libro |
| Lingua: | inglese |
| Soggetti: | |
| Tags: |
Nessun Tag, puoi essere il primo ad aggiungerne!!
|
MARC
| LEADER | 00000naa a2200000 4500 | ||
|---|---|---|---|
| 001 | 0119808 | ||
| 005 | 20240502072333.7 | ||
| 041 | 0 | |a eng | |
| 044 | |a SK | ||
| 245 | 1 | 0 | |a [Le français dans le commerce - optique marketing] |c Mária Tajtáková |
| 520 | |a Recenzia na učebnicu, ktorá je určená pre študentov vzdelávajúcich sa vo francúzskom jazyku. | ||
| 610 | 2 | 0 | |a recenzie |
| 610 | 2 | 0 | |a marketing |
| 610 | 2 | 0 | |a vzdelávanie vysokoškolské |
| 610 | 2 | 0 | |a stratégia marketingová |
| 610 | 2 | 0 | |a komunikácia marketingová |
| 100 | 1 | |a Tajtáková, Mária | |